Основные сведения по светотехнике: световые единицы

Бібліографічні деталі
Співавтор: Всесоюзное электротехническое объединение
Інші автори: Емельянов С. В. (редактор)
Мова:Російська
Опубліковано: Москва, ОНТИ, 1932
Предмети:
Формат: Книга
KOHA link:https://koha.lib.tpu.ru/cgi-bin/koha/opac-detail.pl?biblionumber=198334

MARC

LEADER 00000nam0a2200000 4500
001 198334
005 20231031183948.0
035 |a (RuTPU)RU\TPU\book\216321 
090 |a 198334 
100 |a 20110628d1932 m y0rusy50 ca 
101 0 |a rus 
102 |a RU 
105 |a y z 000zy 
200 1 |a Основные сведения по светотехнике  |e световые единицы  |f Всесоюзное электротехническое объединение ; под ред. С. В. Емельянова 
210 |a Москва  |c ОНТИ  |d 1932 
215 |a 60 с. 
610 1 |a светотехника 
610 1 |a световые единицы 
610 1 |a источники света 
610 1 |a свет 
610 1 |a распространение 
610 1 |a светильники 
610 1 |a искусственное освещение 
610 1 |a освещенность 
610 1 |a нормы 
675 |a 628.9  |v 3 
702 1 |a Емельянов  |b С. В.  |4 340 
712 0 2 |a Всесоюзное электротехническое объединение  |2 stltpush  |3 (RuTPU)RU\TPU\col\17513 
801 1 |a RU  |b 63413507  |c 20110628 
801 2 |a RU  |b 63413507  |c 20110927  |g RCR 
942 |c BK